Mathematics : one of the liberal arts /

Guardado en:
Autor Principal: Miles, Thomas J.
Otros Autores: Nance, Douglas W.
Formato: Libro
Idioma:English
Publicado: Pacific Grove, Calif. : Brooks/Cole, c1997.
Etiquetas: Agregar Etiqueta
Sin Etiquetas, Sea el primero en etiquetar este registro!
LEADER 01149nam a22002055a 4500
001 MAT.inmabb000272
008 031211s1997####cau######b####000#0#eng#d
005 20130312110908.0
245 1 0 |a Mathematics :  |b one of the liberal arts /  |c Thomas J. Miles, Douglas W. Nance. 
260 |a Pacific Grove, Calif. :  |b Brooks/Cole,  |c c1997. 
300 |a xxi, 623 p. ;  |c 26 cm. 
500 |a "This text is written for students who are taking mathematics for liberal arts or general education purposes, including quantitative literacy and mathematics competency."--Preface. 
504 |a Includes bibliographical references and index. 
505 0 |a 1. Problem solving and mathematical modeling -- 2. Numbers and numerals -- 3. Sets -- 4. Logic -- 5. Algebra -- 6. Fundamentals of geometry -- 7. Topics in geometry -- 8. Probability -- 9. Statistics -- 10. Consumer mathematics -- 11. Discrete mathematics -- 12. Mathematics and computers -- 13. Mathematics and the other liberal arts. 
020 |a 0314095764 
100 1 |a Miles, Thomas J. 
700 1 |a Nance, Douglas W. 
084 |a 00A05  |2 msc2000 
010 |a  96029496  
859 |h 00A05  |i M643  |p A-8009  |b BIB. MATEMATICA